000 00852nam a2200253Ia 4500
003 OSt
005 20220923214752.0
006 a|||||r|||| 00| 0
007 ta
008 220922b |||||||| |||| 00| 0 hin d
024 _a172,577
037 _cTextual
040 _aARTS
_cARTS
_bhin
041 _2hin
_ahin
082 _aO152,3NJA4,AP, L3
100 _aजगदीशचन्द्र
_9156945
245 0 _aआधापुल
246 _aĀdhāpula
260 _c1973
490 _aज्ञानपीठ लोकोदय ग्रंथमाला, लक्ष्मीचन्द्र जैन द्वारा संपा0; 344
650 _aहिन्दी साहित्य
_9156264
942 _hO152,3NJA4,AP, L3
_cTEXL
_2CC
999 _c326585
_d326585